Central Library OPAC University of Rajshahi

বাংলার মুসলিম বুদ্ধিজীবি (১৭৫৭ - ১৮৫৭) / (Record no. 74166)

MARC details
000 -LEADER
fixed length control field 00990nam a2200241 a 4500
001 - CONTROL NUMBER
control field 74166
003 - CONTROL NUMBER IDENTIFIER
rucl marc code BD-RjUL
005 - DATE AND TIME OF LATEST TRANSACTION
control field 20211209082515.0
008 - FIXED-LENGTH DATA ELEMENTS--GENERAL INFORMATION
fixed length control field 180313t20101985bg afd|| b||| 00| 0 ben d
020 ## - INTERNATIONAL STANDARD BOOK NUMBER
International Standard Book Number 9847008400972
Terms of availability Tk. 250.00
035 ## - SYSTEM CONTROL NUMBER
System control number (BD-RjUL)74384
040 ## - CATALOGING SOURCE
Original cataloging agency BD-RjUL
Language of cataloging eng
Transcribing agency BD-RjUL
041 ## - LANGUAGE CODE
Language code of text/sound track or separate title ben
082 ## - DEWEY DECIMAL CLASSIFICATION NUMBER
Edition number 23
Classification number 297.0954
Author mark and year AHB 2010
100 1# - MAIN ENTRY--PERSONAL NAME
Personal name আহমদ, ওয়াকিল
9 (RLIN) 220530
245 10 - TITLE STATEMENT
Title বাংলার মুসলিম বুদ্ধিজীবি (১৭৫৭ - ১৮৫৭) /
Statement of responsibility, etc. ওয়াকিল আহমদ,
260 ## - PUBLICATION, DISTRIBUTION, ETC. (IMPRINT)
Place of publication, distribution, etc. ঢাকা :
Name of publisher, distributor, etc. শোভা প্রকাশ ,
Date of publication, distribution, etc. ১৯৮৫, ২০১০
300 ## - PHYSICAL DESCRIPTION
Pagination ২৬২ পৃ. :
Illustrations ছবি ;
Size ২২ সেমি.
504 ## - BIBLIOGRAPHY, ETC. NOTE
Bibliography, etc গ্রন্থপঞ্জি সংযোজিত
650 ## - SUBJECT ADDED ENTRY--TOPICAL TERM
Topical term or geographic name as entry element মুসলমান
Geographic subdivision বেঙ্গল
Form subdivision বুদ্ধিজীবি জীবন
9 (RLIN) 220531
Topical term or geographic name as entry element Muslim
Geographic subdivision Bengal
Form subdivision Intellectual Life
9 (RLIN) 220532
942 ## - ADDED ENTRY ELEMENTS (KOHA)
Source of classification or shelving scheme Dewey Decimal Classification
Koha item type Books
Holdings
Lost status Source of classification or shelving scheme Damaged status Not for loan Collection code Permanent Location Current Location Shelving location Date acquired Source of acquisition Cost, normal purchase price Total Checkouts Full call number Date last seen Copy number Koha item type Date checked out
  Dewey Decimal Classification   Not For Loan Non-fiction Central Library, University of Rajshahi Central Library, University of Rajshahi Reading Room 23/03/2017 Rajshahi News Home 250.00   B 297.0954 AHB 2010 13/03/2018 C-1 Books  
  Dewey Decimal Classification     Non-fiction Central Library, University of Rajshahi Central Library, University of Rajshahi   23/03/2017 Rajshahi News Home 250.00 3 B 297.0954 AHB 2010 30/05/2024 C-2 Books 30/05/2024
  Dewey Decimal Classification     Non-fiction Central Library, University of Rajshahi Central Library, University of Rajshahi   23/03/2017 Rajshahi News Home 250.00 1 B 297.0954 AHB 2010 15/07/2018 C-3 Books 03/07/2018